000 00560nam a2200169Ia 4500
003 GCL
008 140319s9999 xx 000 0 ara d
040 _aGCL /
_cGCL
082 0 4 _a813.08
_bص ا
100 1 _aصالح مرسى
245 1 0 _aاقوى طفل فى العالم /
_cصالح مرسى
260 _aالقاهرة :
_bمكتبة مدبولى الصغير ،
_c1996
300 _a137 ص ؛
_c18 سم
490 _aالاعمال الكاملة لصالح مرسى
_v0
650 0 4 _aالادب الانجليزى المترجم
942 _2ddc
_cBK
999 _c46663
_d46663